000 00552nam a2200193Ia 4500
005 20250508163937.0
008 008 250505s9999 xx 000 0 hin d
037 _aTextual
040 _aFEDL
_beng
_cFEDL
041 _ahin
_2eng
084 _a001.5, SHR
_qFEDL
100 _aShrikant Singh
_9399966
245 0 _aSumpreshan: Pratiroop avam sindhant
260 _aFaizabad, India
_bBharti Publishers and Distributers
_c2001
300 _axvi, 346p
365 _aINR
_b450
942 _cTEXL
_h001.5, SHR
999 _c1386208
_d1386208